Pokémon - Les attaques de Spoink - Statistiques

Statistiques générales
  • Ce quiz a été pris 19 fois
    9 depuis la dernière actualisation
  • Le résultat moyen est 9 sur 13
Statistiques - réponses
Niveaux Types Noms des attaques % Correct
Niveau 7 Psy Choc Mental
100%
Niveau 44 Psy Psyko
100%
Niveau 50 Vol Rebond
100%
Niveau 38 Psy Choc Psy
86%
Niveau 22 Spectre Onde Folie
86%
Niveau 14 Psy Rafale Psy
86%
Niveau 29 Roche Rayon Gemme
86%
Niveau 40 Ténèbres Représailles
71%
Niveau 10 Normal Rugissement
71%
Départ Normal Trempette
71%
Niveau 18 Normal Boost
29%
Niveau 29 Psy Repos
29%
Niveau 33 Normal Ronflement
29%
Aucun quiz correspondant
Distribution des résultats
% des personnes avec chaque résultat
Percentile par nombre de réponses
Votre historique - résultats
Vous n’avez pas pris ce quiz depuis la dernière actualisation